<?xml version="1.0" encoding="UTF-8"?>
<record
    xmlns:xsi="http://www.w3.org/2001/XMLSchema-instance"
    xsi:schemaLocation="http://www.loc.gov/MARC21/slim http://www.loc.gov/standards/marcxml/schema/MARC21slim.xsd"
    xmlns="http://www.loc.gov/MARC21/slim">

  <leader>02027    a2200253   4500</leader>
  <controlfield tag="003">NALT</controlfield>
  <controlfield tag="005">20240422135059.0</controlfield>
  <controlfield tag="008">200605b        th ||||| |||| 00| 0 tha d</controlfield>
  <datafield tag="020" ind1=" " ind2=" ">
    <subfield code="a">9786164880634</subfield>
  </datafield>
  <datafield tag="040" ind1=" " ind2=" ">
    <subfield code="a">NALT</subfield>
  </datafield>
  <datafield tag="090" ind1=" " ind2=" ">
    <subfield code="a">KS 55</subfield>
    <subfield code="b">&#xE1E;992&#xE2B;  2563</subfield>
  </datafield>
  <datafield tag="100" ind1="0" ind2=" ">
    <subfield code="a">&#xE44;&#xE1E;&#xE42;&#xE23;&#xE08;&#xE19;&#xE4C; &#xE01;&#xE31;&#xE21;&#xE1E;&#xE39;&#xE2A;&#xE34;&#xE23;&#xE34;.</subfield>
    <subfield code="9">19085</subfield>
  </datafield>
  <datafield tag="245" ind1="1" ind2="0">
    <subfield code="a">&#xE2B;&#xE25;&#xE31;&#xE01;&#xE01;&#xE0E;&#xE2B;&#xE21;&#xE32;&#xE22;&#xE21;&#xE23;&#xE14;&#xE01; /</subfield>
    <subfield code="c">&#xE44;&#xE1E;&#xE42;&#xE23;&#xE08;&#xE19;&#xE4C; &#xE01;&#xE31;&#xE21;&#xE1E;&#xE39;&#xE2A;&#xE34;&#xE23;&#xE34;.</subfield>
  </datafield>
  <datafield tag="250" ind1=" " ind2=" ">
    <subfield code="a">&#xE1E;&#xE34;&#xE21;&#xE1E;&#xE4C;&#xE04;&#xE23;&#xE31;&#xE49;&#xE07;&#xE17;&#xE35;&#xE48; 6 (&#xE41;&#xE01;&#xE49;&#xE44;&#xE02;&#xE40;&#xE1E;&#xE34;&#xE48;&#xE21;&#xE40;&#xE15;&#xE34;&#xE21;).</subfield>
  </datafield>
  <datafield tag="260" ind1=" " ind2=" ">
    <subfield code="a">&#xE01;&#xE23;&#xE38;&#xE07;&#xE40;&#xE17;&#xE1E;&#xE2F; :</subfield>
    <subfield code="b">&#xE42;&#xE04;&#xE23;&#xE07;&#xE01;&#xE32;&#xE23;&#xE15;&#xE33;&#xE23;&#xE32;&#xE41;&#xE25;&#xE30;&#xE40;&#xE2D;&#xE01;&#xE2A;&#xE32;&#xE23;&#xE1B;&#xE23;&#xE30;&#xE01;&#xE2D;&#xE1A;&#xE01;&#xE32;&#xE23;&#xE2A;&#xE2D;&#xE19; &#xE04;&#xE13;&#xE30;&#xE19;&#xE34;&#xE15;&#xE34;&#xE28;&#xE32;&#xE2A;&#xE15;&#xE23;&#xE4C; &#xE21;&#xE2B;&#xE32;&#xE27;&#xE34;&#xE17;&#xE22;&#xE32;&#xE25;&#xE31;&#xE22;&#xE18;&#xE23;&#xE23;&#xE21;&#xE28;&#xE32;&#xE2A;&#xE15;&#xE23;&#xE4C;,</subfield>
    <subfield code="c">2563.</subfield>
  </datafield>
  <datafield tag="300" ind1=" " ind2=" ">
    <subfield code="a">277 &#xE2B;&#xE19;&#xE49;&#xE32; :</subfield>
    <subfield code="c">26 &#xE0B;&#xE21;.</subfield>
  </datafield>
  <datafield tag="505" ind1="0" ind2=" ">
    <subfield code="a">&#xE2A;&#xE48;&#xE27;&#xE19;&#xE17;&#xE35;&#xE35;&#xE48; 1 &#xE01;&#xE32;&#xE23;&#xE23;&#xE31;&#xE1A;&#xE21;&#xE23;&#xE14;&#xE01; -- &#xE1A;&#xE17;&#xE17;&#xE35;&#xE48; 1 &#xE01;&#xE2D;&#xE07;&#xE21;&#xE23;&#xE14;&#xE01; -- &#xE1A;&#xE17;&#xE17;&#xE35;&#xE48; 2 &#xE17;&#xE32;&#xE22;&#xE32;&#xE17; -- &#xE1A;&#xE17;&#xE17;&#xE35;&#xE48; 3 &#xE01;&#xE32;&#xE23;&#xE23;&#xE31;&#xE1A;&#xE21;&#xE23;&#xE14;&#xE01;&#xE41;&#xE17;&#xE19;&#xE17;&#xE35;&#xE48; -- &#xE1A;&#xE17;&#xE17;&#xE35;&#xE48; 4 &#xE01;&#xE32;&#xE23;&#xE40;&#xE2A;&#xE35;&#xE22;&#xE2A;&#xE34;&#xE17;&#xE18;&#xE34;&#xE43;&#xE19;&#xE01;&#xE32;&#xE23;&#xE23;&#xE31;&#xE1A;&#xE21;&#xE23;&#xE14;&#xE01; -- &#xE2A;&#xE48;&#xE27;&#xE19;&#xE17;&#xE35;&#xE48; 2 &#xE1E;&#xE34;&#xE19;&#xE31;&#xE22;&#xE01;&#xE23;&#xE23;&#xE21; -- &#xE1A;&#xE17;&#xE17;&#xE35;&#xE48; 1 &#xE2B;&#xE25;&#xE31;&#xE01;&#xE17;&#xE31;&#xE48;&#xE27;&#xE44;&#xE1B;&#xE40;&#xE01;&#xE35;&#xE48;&#xE22;&#xE27;&#xE01;&#xE31;&#xE1A;&#xE1E;&#xE34;&#xE19;&#xE31;&#xE22;&#xE01;&#xE23;&#xE23;&#xE21; -- &#xE1A;&#xE17;&#xE17;&#xE35;&#xE48; 2 &#xE41;&#xE1A;&#xE1A;&#xE02;&#xE2D;&#xE07;&#xE1E;&#xE34;&#xE19;&#xE31;&#xE22;&#xE01;&#xE23;&#xE23;&#xE21; -- &#xE1A;&#xE17;&#xE17;&#xE35;&#xE48; 3 &#xE1C;&#xE25;&#xE02;&#xE2D;&#xE07;&#xE1E;&#xE34;&#xE19;&#xE31;&#xE22;&#xE01;&#xE23;&#xE23;&#xE21; -- &#xE1A;&#xE17;&#xE17;&#xE35;&#xE48; 4 &#xE04;&#xE27;&#xE32;&#xE21;&#xE44;&#xE21;&#xE48;&#xE40;&#xE1B;&#xE47;&#xE19;&#xE1C;&#xE25;&#xE02;&#xE2D;&#xE07;&#xE1E;&#xE34;&#xE19;&#xE31;&#xE22;&#xE01;&#xE23;&#xE23;&#xE21;&#xE2B;&#xE23;&#xE37;&#xE2D;&#xE02;&#xE49;&#xE2D;&#xE01;&#xE33;&#xE2B;&#xE19;&#xE14;&#xE1E;&#xE34;&#xE19;&#xE31;&#xE22;&#xE01;&#xE23;&#xE23;&#xE21; -- &#xE2A;&#xE48;&#xE27;&#xE19;&#xE17;&#xE35;&#xE48; 3 &#xE1C;&#xE39;&#xE49;&#xE08;&#xE31;&#xE14;&#xE01;&#xE32;&#xE23;&#xE21;&#xE23;&#xE14;&#xE01;.</subfield>
  </datafield>
  <datafield tag="650" ind1=" " ind2="0">
    <subfield code="a">&#xE01;&#xE0E;&#xE2B;&#xE21;&#xE32;&#xE22;&#xE41;&#xE1E;&#xE48;&#xE07;&#xE41;&#xE25;&#xE30;&#xE1E;&#xE32;&#xE13;&#xE34;&#xE0A;&#xE22;&#xE4C;</subfield>
    <subfield code="x">&#xE21;&#xE23;&#xE14;&#xE01;</subfield>
    <subfield code="9">3006</subfield>
  </datafield>
  <datafield tag="650" ind1=" " ind2="4">
    <subfield code="9">10879</subfield>
    <subfield code="a">&#xE1E;&#xE34;&#xE19;&#xE31;&#xE22;&#xE01;&#xE23;&#xE23;&#xE21;</subfield>
  </datafield>
  <datafield tag="653" ind1=" " ind2="4">
    <subfield code="a">&#xE1C;&#xE39;&#xE49;&#xE08;&#xE31;&#xE14;&#xE01;&#xE32;&#xE23;&#xE21;&#xE23;&#xE14;&#xE01;</subfield>
  </datafield>
  <datafield tag="850" ind1=" " ind2=" ">
    <subfield code="a">NALT</subfield>
  </datafield>
  <datafield tag="942" ind1=" " ind2=" ">
    <subfield code="2">local</subfield>
    <subfield code="c">LB</subfield>
  </datafield>
  <datafield tag="998" ind1=" " ind2=" ">
    <subfield code="c">103</subfield>
    <subfield code="a">potjapin</subfield>
    <subfield code="j">4574</subfield>
    <subfield code="k"> &#xE19;&#xE31;&#xE01;&#xE28;&#xE36;&#xE01;&#xE29;&#xE32;&#xE1D;&#xE36;&#xE01;&#xE07;&#xE32;&#xE19;-01</subfield>
  </datafield>
  <datafield tag="999" ind1=" " ind2=" ">
    <subfield code="c">96916</subfield>
    <subfield code="d">96916</subfield>
  </datafield>
  <datafield tag="952" ind1=" " ind2=" ">
    <subfield code="0">0</subfield>
    <subfield code="1">0</subfield>
    <subfield code="2">local</subfield>
    <subfield code="4">0</subfield>
    <subfield code="7">0</subfield>
    <subfield code="8">CLAW</subfield>
    <subfield code="a">NALT</subfield>
    <subfield code="b">NALT</subfield>
    <subfield code="c">LAW</subfield>
    <subfield code="d">2020-05-25</subfield>
    <subfield code="e">60</subfield>
    <subfield code="l">3</subfield>
    <subfield code="m">3</subfield>
    <subfield code="o">KS 55 &#xE1E;992&#xE2B;  2563</subfield>
    <subfield code="p">3961210513</subfield>
    <subfield code="r">2024-03-28 00:00:00</subfield>
    <subfield code="s">2024-01-05</subfield>
    <subfield code="w">2020-05-25</subfield>
    <subfield code="y">LB</subfield>
  </datafield>
</record>
